Organic chemistry / (Record no. 145501)

MARC details
000 -LEADER
fixed length control field 00826nam a22002417a 4500
005 - DATE AND TIME OF LATEST TRANSACTION
control field 20180207111118.0
010 ## - LCCN (DPL NO)
LC control number 1718EN-30 ENG-121365
020 ## - INTERNATIONAL STANDARD BOOK NUMBER
International Standard Book Number 9789332578586
Terms of availability 899.00
035 ## - SYSTEM CONTROL NUMBER
System control number EN-104897
035 ## - SYSTEM CONTROL NUMBER
System control number B-684157-164
037 ## - SOURCE OF ACQUISITION
Source of stock number/acquisition BSB
Stock number dpl
037 ## - SOURCE OF ACQUISITION
Source of stock number/acquisition DBAD/PUB
082 ## - DEWEY DECIMAL CLASSIFICATION NUMBER
Classification number 547
100 ## - MAIN ENTRY--PERSONAL NAME
Personal name Wade, Leroy G.
245 ## - TITLE STATEMENT
Title Organic chemistry /
Statement of responsibility, etc by Leroy G. Wade
246 ## - VARYING FORM OF TITLE
Title proper/short title 8th ed
250 ## - EDITION STATEMENT
Edition statement 6th ed
260 ## - PUBLICATION, DISTRIBUTION, ETC. (IMPRINT)
Date of publication, distribution, etc 2017
Place of publication, distribution, etc Noida
Name of publisher, distributor, etc Pearson India
270 ## - ADDRESS
Address 15th Floor,, Tower-B, World Trade, Plot No.1, Block-C, Sector-16,
City Noida
Postal code 201301
300 ## - PHYSICAL DESCRIPTION
Dimensions 23cm(pbk)
Extent 1278p. :
Other physical details ill.
942 ## - ADDED ENTRY ELEMENTS (KOHA)
Item type English Books
Source of classification or shelving scheme Dewey Decimal Classification
Call number suffix WAD
Classification part 547
Holdings
Withdrawn status Lost status Not for loan Collection code Home library Current library Date acquired Source of acquisition Cost, normal purchase price Full call number Barcode Copy number Cost, replacement price Koha item type
      Non-fiction Ashok Vihar Ashok Vihar 07/02/2018 BSB/299/1.12.2017/BPPB/EN/2017-18/641/20.11.17/14.12.2017 899.00 547 WAD B-684158 1 899.00 English Books
    Not For Loan Non-fiction D.B.Act.Division Bawana 14/12/2017 DBAD/PUB 899.00 547 WAD EN-104897 1 899.00 English Books
      Non-fiction Bawana Bawana 07/02/2018 BSB/299/1.12.2017/BPPB/EN/2017-18/641/20.11.17/14.12.2017 899.00 547 WAD B-684163 1 899.00 English Books
      Non-fiction Central Library Central Library 07/02/2018 BSB/299/1.12.2017/BPPB/EN/2017-18/641/20.11.17/14.12.2017 899.00 547 WAD B-684157 1 899.00 English Books
      Non-fiction Janak Puri Janak Puri 07/02/2018 BSB/299/1.12.2017/BPPB/EN/2017-18/641/20.11.17/14.12.2017 899.00 547 WAD B-684160 1 899.00 English Books
      Non-fiction Narela Narela 07/02/2018 BSB/299/1.12.2017/BPPB/EN/2017-18/641/20.11.17/14.12.2017 899.00 547 WAD B-684162 1 899.00 English Books
      Non-fiction Patel Nagar Patel Nagar 07/02/2018 BSB/299/1.12.2017/BPPB/EN/2017-18/641/20.11.17/14.12.2017 899.00 547 WAD B-684159 1 899.00 English Books
      Non-fiction Sarojini Nagar Sarojini Nagar 07/02/2018 BSB/299/1.12.2017/BPPB/EN/2017-18/641/20.11.17/14.12.2017 899.00 547 WAD B-684161 1 899.00 English Books
      Non-fiction Shahdara Branch Shahdara Branch 07/02/2018 BSB/299/1.12.2017/BPPB/EN/2017-18/641/20.11.17/14.12.2017 899.00 547 WAD B-684164 1 899.00 English Books

© Delhi Public Library
Hit Counter
free hit counter